ห้องสมุด วิทยาลัยพยาบาลบรมราชชนนี อุดรธานี
Boromarajonani College of Nursing, Udonthani
เปลี่ยนเป็นภาษาไทย

Change to English
 แสดงรายละเอียดบรรณานุกรม
  กลับหน้าหลัก

Brief Record : Get Marc (ISO 2709) : E-mail record : QR code ปิดหน้าต่าง
หนังสืออ้างอิง : เกี่ยวกับ Collections
mysqli: Table './ulib2015/stat_globaluid' is marked as crashed and last (automatic?) repair failed
select id from stat_globaluid where statuid='20260419142559_3446' 
mysqli: Table './ulib2015/stat_globaluid' is marked as crashed and last (automatic?) repair failed
DELETE FROM stat_globaluid
			WHERE id NOT IN (
			  SELECT id
			  FROM (
				SELECT id
				FROM stat_globaluid
				ORDER BY id DESC
				LIMIT 100
			  ) foo
			); 
mysqli: Table './ulib2015/stat_globaluid' is marked as crashed and last (automatic?) repair failed
insert into stat_globaluid set
		statuid='20260419142559_3446',
		dt='1776583559',
		phpself='/ULIB/dublinfull.php',
		agent='Mozilla/5.0 AppleWebKit/537.36 (KHTML, like Gecko; compatible; ClaudeBot/1.0; +claudebot@anthropic.com)',
		yea='2026',
		mon='4',
		dat='19',
		ip='216.73.216.142'
		
		
LEADER 00566nam 2200193 a 4500
001    8601
003     ULIBM
008    011110s2537 th m a000 0 tha d
024    974-584-580-9
050  4 ^aQA 273^bธ666ค 2537
245 00 ^a ความน่าจะเป็นเบื้องต้น : ทฤษฎีและการประยุกต์ใช้ /^cธีระพร วีระถาวร.
250    ^aพิมพ์ครั้งที่ 2.
260    ^aกรุงเทพฯ:^bโรงพิมพ์จุฬาลงกรณ์มหาวิทยาลัย,^c2537.
300    ^a 362 หน้า
650  7 ^aความน่าจะเป็นเบื้องต้น.
710 2  ^aธีระพร วีระถาวร.
945    ^p0^l0^i6550
945    ^p0^l0^i6553
945    ^p0^l0^i6551
945    ^p0^l0^i6637
945    ^p0^l0^i9377
999     ^aลิขิตลักษณ์
รายการนี้ยังไม่มีแท็ก
คุณยังไม่ได้ล็อกอิน คุณสามารถมีกิจกรรมร่วมกับเว็บไซต์ได้ แต่ต้องล็อกอินก่อน ::
  ล็อกอิน
ลำดับที่ ประเภท เลขเรียก/บาร์โค้ด สถานที่ สถานะ
1. หนังสือการพยาบาล
หนังสือการพยาบาล
QA 273 ธ666ค 2537  
  Barcode: 6550
หนังสือทั่วไป On Shelf
2. หนังสือการพยาบาล
หนังสือการพยาบาล
QA 273 ธ666ค 2537 ฉ.2 
  Barcode: 6553
หนังสือทั่วไป On Shelf
3. หนังสือการพยาบาล
หนังสือการพยาบาล
QA 273 ธ666ค 2537 ฉ.3 
  Barcode: 6551
หนังสือทั่วไป On Shelf
4. หนังสือการพยาบาล
หนังสือการพยาบาล
QA 273 ธ666ค 2537 ฉ.4 
  Barcode: 6637
หนังสือทั่วไป On Shelf
5. หนังสือการพยาบาล
หนังสือการพยาบาล
QA 273 ธ666ค 2537 ฉ.5 
  Barcode: 9377
หนังสือทั่วไป On Shelf
   [แสดง 5/5 รายการ]

mysqli: Can't create/write to file '/var/tmp/#sql_59d_0.MAI' (Errcode: 2)
select * from index_db where titl like '%ความน่าจะเป็นเบื้องต้น : ทฤษฎีและการประยุกต์ใช้ / ธีระพร  วีระถาวร.%' and mid<>'8601'  order by rand() limit 3
mysqli: Can't create/write to file '/var/tmp/#sql_59d_0.MAI' (Errcode: 2)
select * from index_db where subj like '%ความน่าจะเป็นเบื้องต้น.%' and mid<>'8601'  order by rand() limit 3

BibComment


ยังไม่เคยถูกคอมเมนท์

คอมเมนท์ทรัพยากรรายการนี้
  คอมเมนท์: ความน่าจะเป็นเบ..
Bib 8601

 
 
 

 Union Library Management : ULibM
Copyright 2026. All Rights Reserved.